El son entero y cantos para soldados y sones para turistas

Guardat en:
Dades bibliogràfiques
Autor principal: Guillén Batista, Nicolás (Autor)
Format: Llibre
Idioma:espanyol
Publicat: Santiago Quimantú 1973
Matèries:
Etiquetes: Afegir etiqueta
Sense etiquetes, Sigues el primer a etiquetar aquest registre!

MARC

LEADER 00000nam a2200000 a 4500
001 UCZ2461
003 CL-VaPUC
008 951005e19730000CL |||||||||||||||||spa|d
082 0 4 |a Cu861  |b GUI  |2 21 
100 |a Guillén Batista, Nicolás  |e author  |9 547059 
245 1 3 |a El son entero y cantos para soldados y sones para turistas 
300 |a 90 p 
942 |c BK 
945 |d 19951005 00:00:00  |a rbrito 
260 |a Santiago  |b Quimantú  |c 1973 
650 0 |a Poesías cubanas  |9 316897 
583 |a last modification  |c 19951005 00:00:00  |k Rodrigo Vera 
999 |c 239057  |d 239055 
952 |0 0  |1 0  |4 0  |6 CU_861_000000000000000_GUI_1973  |7 0  |8 A  |9 249846  |a BIBEDU  |b BIBEDU  |d 2019-11-18  |i 3140490  |o Cu861 GUI 1973  |p 3140490  |r 2019-11-18  |w 2019-11-18  |y BK  |k LIT